Focus (Record no. 84480)

MARC details
000 -LEADER
fixed length control field 00881cab a22002175a 4500
001 - CONTROL NUMBER
control field L157867
008 - FIXED-LENGTH DATA ELEMENTS--GENERAL INFORMATION
fixed length control field 130619e20130615xxk 000 0 eng d
035 ## - SYSTEM CONTROL NUMBER
System control number (Sirsi) u157867
041 0# - LANGUAGE CODE
Language code of text/sound track or separate title eng
100 1# - MAIN ENTRY--PERSONAL NAME
Personal name Harris, David
245 00 - TITLE STATEMENT
Title Focus
Remainder of title Industrial
490 ## - SERIES STATEMENT
Series statement Estates Gazette
Volume/sequential designation (1324) 15 June 2013, 65-89(15)
520 ## - SUMMARY, ETC.
Summary, etc. Includes features on a rethink on shop and warehouse space including alternatives in France to a lack of capacity in the UK. Also signs of a return to speculative development with the West Midlands developers IM Properties announcing a big project involving the construction of two logistics units at Birch Coppice Business Park in North Warwickshire.
590 ## - LOCAL NOTE (RLIN)
Local note KA
651 #4 - SUBJECT ADDED ENTRY--GEOGRAPHIC NAME
Geographic name United Kingdom
690 ## - LOCAL SUBJECT ADDED ENTRY--TOPICAL TERM (OCLC, RLIN)
Topical term or geographic name as entry element Commercial property
9 (RLIN) 6227
700 1# - ADDED ENTRY--PERSONAL NAME
Personal name Thame, David
700 1# - ADDED ENTRY--PERSONAL NAME
Personal name Pio Kivlehan, Noella
700 1# - ADDED ENTRY--PERSONAL NAME
Personal name Sleeman, Jon
942 ## - ADDED ENTRY ELEMENTS (KOHA)
Suppress in OPAC 0
Holdings
Withdrawn status Lost status Source of classification or shelving scheme Damaged status Not for loan Home library Current library Shelving location Date acquired Total Checkouts Full call number Barcode Date last seen Copy number Price effective from Koha item type
    Dewey Decimal Classification     London London Journal article 19/06/2013   L157867 157867-1001 06/08/2019 1 06/08/2019 Journal article